Văn hóa dân gian người Sán Chí ở tỉnh Thái Nguyên
Khái quát môi trường sinh thái tự nhiên, lịch sử, tín ngưỡng và lễ hội dân gian, tri thức dân gian, văn học nghệ thuật của người Sán Chí ở tỉnh Thái Nguyên
Na minha lista:
| Autor principal: | |
|---|---|
| Autor Corporativo: | |
| Outros Autores: | |
| Idioma: | Undetermined |
| Publicado em: |
Hà Nội
Văn hóa Dân tộc
2011
|
| Assuntos: | |
| Tags: |
Adicionar Tag
Sem tags, seja o primeiro a adicionar uma tag!
|
| Thư viện lưu trữ: | Trung tâm Học liệu Trường Đại học Trà Vinh |
|---|
| LEADER | 00976nam a2200265Ia 4500 | ||
|---|---|---|---|
| 001 | TVU_17536 | ||
| 008 | 210423s9999 xx 000 0 und d | ||
| 020 | |a 9786047001132 | ||
| 041 | |a Vie | ||
| 082 | |a 398.0959714 | ||
| 082 | |b V115H | ||
| 100 | |a Trần, Văn ái | ||
| 245 | 0 | |a Văn hóa dân gian người Sán Chí ở tỉnh Thái Nguyên | |
| 245 | 0 | |c Trần Văn ái | |
| 260 | |a Hà Nội | ||
| 260 | |b Văn hóa Dân tộc | ||
| 260 | |c 2011 | ||
| 300 | |a 215 tr. | ||
| 300 | |c 21 cm | ||
| 504 | |a Phụ chú: tr.214-215,Thư mục: tr.211-2013 | ||
| 520 | |a Khái quát môi trường sinh thái tự nhiên, lịch sử, tín ngưỡng và lễ hội dân gian, tri thức dân gian, văn học nghệ thuật của người Sán Chí ở tỉnh Thái Nguyên | ||
| 650 | |a Văn hóa dân gian; Dân tộc Sán Chí | ||
| 700 | |a Trần Văn ái | ||
| 710 | |a Hội Văn nghệ Dân gian Việt Nam | ||
| 980 | |a Trung tâm Học liệu Trường Đại học Trà Vinh | ||


